1702 1492 1859 1674 1144 1911 1092 1188 1112 1762 1951 1039 1408 1620 1918 1862 1853 1600 1824 1527 1593 1423 1963 1965 1796 1080 1469 1195 1312 1901 1070 1850 1117 1634 1723 1910 1598 1000 1945 1635 1691 1488 1834 1037 1498 1375 1702 1491 1674 1760 1284 1713 1002 1441 1678 1688 1791 1529 1859 1770 1506 1925 1370 1025 1540 1441 1455 1706 1867 1404 1223 1914 1267 1639 1010 1482 1554 1723 1823 1968 1534 1187 1562 1446 1040 1973 1942 1277 1329 1334 1324 1856 1223 1802 1326 1409 1177 1849 1489 BCNSPRNW ULIB Ver.6.0+V

เปลี่ยนเป็นภาษาไทย

Change to English
 แสดงรายละเอียดบรรณานุกรม
  กลับหน้าหลัก

Brief Record : Get Marc (ISO 2709) : E-mail record : QR code < ปิดหน้าต่าง
LEADER : 00000nam 2200000uu 4500
001    13399122186
003     ULIB
008    130108s2555||||th 000 0 tha d
060  4 WK810^bส293ค
110 1  สมาคมผู้ให้ความรู้โรคเบาหวาน
245 00 โครงการอบรมผู้ให้ความรู้โรคเบาหวาน หลักสูตรพื้นฐาน/^cสมาคมผู้ให้ความรู้โรคเบาหวาน
260    กรุงเทพฯ:^bสมาคมผู้ให้ความรู้โรคเบาหวาน,[2555]
300    272 หน้า
650  0 โรคเบาหวาน^xการอบรม
945    ^p395^l0^i033389
995    เกษร
999    ^aใช้งานได้ทุกระบบ
รายการนี้ยังไม่มีแท็ก
คุณยังไม่ได้ล็อกอิน คุณสามารถมีกิจกรรมร่วมกับเว็บไซต์ได้ แต่ต้องล็อกอินก่อน ::
  ล็อกอิน

รายการสื่อสารสนเทศ

ลำดับที่ ประเภท เลขเรียก/บาร์โค้ด สถานที่ สถานะ
1. วิทยาศาสตร์การแพทย์ และสุขภาพ
หนังสือสำรอง
สถานะ=หนังสือสำรอง
WK810 ส293ค ฉ.1 
  Barcode: 033389
ห้องสมุดวิทยาเขตสวรรค์ประชารักษ์
►หนังสือทั่วไป
บนชั้น

BibComment


ยังไม่เคยถูกคอมเมนท์

คอมเมนท์ทรัพยากรรายการนี้
  คอมเมนท์: โครงการอบรมผู้ให้..


 Copyright 2026. Bcnsprnw @Library